01788nam a2200481 a 450000100100000000300100001000500170002000800410003702000180007804000220009604900090011809200250012710000310015224500530018325000130023626000390024930000210028850000270030950000730033650400560040960000520046565000530051765000200057065000200059065000340061065100500064491000370069493000250073193000300075694200120078694500390079895201220083795201200095995600180107995600180109795600180111595600400113395600180117395600400119195600180123195600420124999900150129100003592900003592920180319104119.0111116s2010 dr 001 0 spa d a9789945003093 aBPMSUbspacBPMSU aBNPD a332.75bA282b, 2'0101 aAguasvivas, Freddy,d1956-13aEl banquero del presidente /cFreddy Aguasvivas. a3a. ed.  aSanto Domingo :bMediabyte,c2010. a582 p. :c22 cm. aÍndice onomástico. aIncluye datos biográficos del autor en las solapas de la cubierta. aIncluye bibliografía y notas al pie de páginas.14aCASTILLO LEFELD, PEDRO ERWIND MARTÍNcPERUCHO 4aREPÚBLICA DOMINICANAxCONDICIONES ECONÓMICAS 4aCRISIS BANCARIA 4aFRAUDE BANCARIO 4aBANCOSxPRÁCTICAS CORRUPTAS 4aREPÚBLICA DOMINICANAxPOLÍTICA FINANCIERA aValidado. Control de calidad EMS 1l m h 8 f p g  1l m h 8 f p g he. 1 2ddccBK aRemanejado para la BNPHU / 2018 BT 00102ddc4070aBPMETbBPMETd2014-07-15l0o332.75 A282b 2010pBPMSU15040568r2014-07-15t1v0.00w2014-07-15yBK 00102ddc4070aBPMETbBPMETd2014-07-15l0o332.75 A282b 2010pBPMSU15040569r2014-07-15tej. 2w2014-07-15yBK a b c l h  a b c l h  a b c l h  aEMARREROb40c20130922lBND01h2149 a b c l h  aEMARREROb40c20130922lBND01h2157 a b c l h  a VMATEOb 10c 20150508lBPMSUh 0069 c7151d7151